MARC details
| 000 -CABECERA |
| campo de control de longitud fija |
02054nam a2200349 4500 |
| 003 - IDENTIFICADOR DEL NÚMERO DE CONTROL |
| campo de control |
EC-UNACH |
| 005 - FECHA Y HORA DE LA ÚLTIMA TRANSACCIÓN |
| campo de control |
20250620174357.0 |
| 006 - CÓDIGOS DE INFORMACIÓN DE LONGITUD FIJA--CARACTERÍSTICAS DEL MATERIAL ADICIONAL |
| campo de control de longitud fija |
s||||gr|||| 00| 00 |
| 008 - DATOS DE LONGITUD FIJA--INFORMACIÓN GENERAL |
| campo de control de longitud fija |
150116t9999 mx r gr 000 0 spa d |
| 020 ## - NÚMERO INTERNACIONAL ESTÁNDAR DEL LIBRO |
| Número Internacional Estándar del Libro |
9789978106839 |
| 040 ## - FUENTE DE LA CATALOGACIÓN |
| Centro catalogador/agencia de origen |
EC-UNACH |
| Centro/agencia transcriptor |
EC-UNACH |
| 041 ## - CÓDIGO DE LENGUA |
| Código de lengua del texto/banda sonora o título independiente |
spa |
| 082 04 - NÚMERO DE LA CLASIFICACIÓN DECIMAL DEWEY |
| Número de edición |
23 |
| Número de clasificación |
170.44 |
| Número de documento/Ítem |
L017819 |
| 110 ## - ENTRADA PRINCIPAL--NOMBRE DE ENTIDAD CORPORATIVA |
| Nombre de entidad corporativa o nombre de jurisdicción como elemento de entrada |
Universidad Politécnica Salesiana (UPS) |
| 245 ## - MENCIÓN DE TÍTULO |
| Título |
Bienestar y Buen Vivir. Un aporte para la felicidad del ser humano |
| 250 ## - MENCIÓN DE EDICIÓN |
| Mención de edición |
Primera edición |
| 264 ## - Producción, publicación, distribución, fabricación y copyright |
| Lugar de producción, publicación, distribución, fabricación |
Cuenca - Ecuador |
| Nombre del de productor, editor, distribuidor, fabricante |
UPS / ABDA YALA |
| Fecha de de producción, publicación, distribución, fabricación o copyright |
2019 |
| 300 ## - DESCRIPCIÓN FÍSICA |
| Extensión |
266 páginas |
| Otras características físicas |
Tablas, Figuras |
| Dimensiones |
15 X 21 cm |
| 505 ## - NOTA DE CONTENIDO CON FORMATO |
| Nota de contenido con formato |
Prólogo -- Introducción -- PRIMERA PARTE. LA RELACIÓN ENTRE FELICIDAD, BIENESTAR Y EDUCACIÓN -- Las virtudes que conducen al buen vivir y la felicidad. Aportes del Buen Vivir a la comunicación. Salud y bienestar: los impactos de las circunstancias gassetianas. La influencia de la mente intuitiva en la salud: para una nueva psicología de la salud y del bienestar. Bienestar vs. incertidumbre: función de la educación. La educación en pandemia, un reto para la equidad. Impacto de la educación en la felicidad: revisión sistemática -- SEGUNDA PARTE. LA FELICIDAD DESDE EL ASPECTO ESPIRITUAL Y HUMANO. La alegría cristiana en las enseñanzas del papa Francisco y los místicos españoles. La intuición en la naturaleza. La felicidad en las ciencias sociales: dimensiones científicas para su estudio. Los colores de la felicidad. La felicidad como camino de decisión personal y familiar. La felicidad y el bienestar. Un viaje por la empatía, la intuición y la ecpatia. Comunicar desde la felicidad. |
| 650 ## - PUNTO DE ACCESO ADICIONAL DE MATERIA--TÉRMINO DE MATERIA |
| Término de materia o nombre geográfico como elemento inicial |
SALUD Y BIENESTAR |
| 650 ## - PUNTO DE ACCESO ADICIONAL DE MATERIA--TÉRMINO DE MATERIA |
| Término de materia o nombre geográfico como elemento inicial |
LA EMPATÍA |
| 650 ## - PUNTO DE ACCESO ADICIONAL DE MATERIA--TÉRMINO DE MATERIA |
| Término de materia o nombre geográfico como elemento inicial |
PANDEMIA |
| 650 ## - PUNTO DE ACCESO ADICIONAL DE MATERIA--TÉRMINO DE MATERIA |
| Término de materia o nombre geográfico como elemento inicial |
LA FELICIDAD |
| 650 ## - PUNTO DE ACCESO ADICIONAL DE MATERIA--TÉRMINO DE MATERIA |
| Término de materia o nombre geográfico como elemento inicial |
LA ECPATIA |
| 700 ## - PUNTO DE ACCESO ADICIONAL--NOMBRE DE PERSONA |
| Nombre de persona |
Jara-Cobos, Victoria |
| 700 ## - PUNTO DE ACCESO ADICIONAL--NOMBRE DE PERSONA |
| Nombre de persona |
De-Santis, Andrea |
| 700 ## - PUNTO DE ACCESO ADICIONAL--NOMBRE DE PERSONA |
| Nombre de persona |
Verdugo-Sánchez, Adriana |
| 942 ## - ELEMENTOS DE PUNTO DE ACCESO ADICIONAL (KOHA) |
| Fuente del sistema de clasificación o colocación |
Clasificación Decimal Dewey |
| Tipo de ítem Koha |
Libros |
| 999 ## - NÚMEROS DE CONTROL DE SISTEMA (KOHA) |
| Koha biblionumber |
13608 |